000 00500cam a22002171 4500
001 sa 66005070
003 DLC
005 20260227112247.0
008 890724s1966 ii 000 1 beno
010 _asa 66005070
035 _a(OCoLC)20059774
040 _aDLC
_cWaU
_dDLC
042 _apremarc
050 0 0 _aPK1718.B39
_bB5
100 1 _aBasu, Samareśa,
_d1924-1988.
245 1 0 _aBibara.
260 _c[1966]
300 _a143 p.
_c22 cm.
500 _aIn Bengali.
500 _aA novel.
999 _c69794
_d69794